Les Tuvalu pour les touristes... - Statistiques

Statistiques générales
  • Ce quiz a été pris 3 fois
  • Le résultat moyen est 8 sur 21
Statistiques - réponses
Question Indice Réponses % Correct
Quelles sont les langues officielles ? Anglais
100%
Avez-vous besoin d'un visa ? (oui/non) Oui
100%
Dans la capitale y-a-t-il un décalage horaire avec Paris ? (oui/non) Oui
100%
A quelle région appartient ce pays P Polynésie
100%
La vitesse est limitée hors agglomération {80} km/h
67%
Achats à faire 3/ Sculpture en... Bois
67%
Quel est le climat local ? E Equatorial
67%
La conduite se fait à droite ou à gauche ? Gauche
67%
Achats à faire 2/ "Poils" de l'oiseau Plumes
67%
Le principal aéroport est à F Funafuti
33%
Quelles sont les principaux lieux touristiques ? F Réserve marine de {Funafuti}
33%
Le suffixe internet est tv
33%
Combien d'heures (environ) mettrez-vous pour vous y rendre ? (en chiffres) 35
0%
Quelles sont les principaux lieux touristiques ? B {Bibliothèque} nationale
0%
La religion majoritaire est C Calvinisme
0%
Quelles sont les principaux lieux touristiques ? D {David}'s Drill
0%
Quelle est la monnaie ? Dollar australien
0%
Quelles sont les principaux lieux touristiques ? E {Eglise} des Frères de Tuvalu
0%
Comment se nomme la principale compagnie aérienne locale FA Fiji Airways
0%
Achats à faire 1/ Pour les collectionneurs Timbres
0%
Quelles sont les langues officielles ? Tuvaluan
0%
Aucun quiz correspondant
Distribution des résultats
% des personnes avec chaque résultat
Percentile par nombre de réponses
Votre historique - résultats
Vous n’avez pas pris ce quiz